Normal view
MARC view
- Dr. Hajra Sadia
Entry Personal Name
001 - CONTROL NUMBER
- control field: 27674
003 - CONTROL NUMBER IDENTIFIER
- control field: NUST
005 - DATE AND TIME OF LATEST TRANSACTION
- control field: 20200116145755.0
008 - FIXED-LENGTH DATA ELEMENTS
- fixed length control field: 200116|| aca||aabn | a|a d
040 ## - CATALOGING SOURCE
- Original cataloging agency: NUST
- Transcribing agency: NUST
100 ## - HEADING--PERSONAL NAME
- Personal name: Dr. Hajra Sadia
670 ## - SOURCE DATA FOUND
- Source citation: Work cat.: (NUST): Muhammad Behroz Naeem Khan 27673, Expression Analysis of mir-21, mir-18a and mir-125b in Breast Cancer and HBV Patients /, 2017.
